000 00902nam a2200253 c 4500
999 _c342027
_d342027
003 BLK
005 20210408134952.0
008 180911b bul|||||r ||||||| ||bul||
010 _a001660
040 _aBLK
041 _aBUL
_cBUL
080 _z800.87(497.17)
100 _aМирчев, Кирил Спиридонов
_eпърви автор
_9369262
139 _aМирчев, Кирил Спиридонов
245 0 0 _aСръбската наука за езика на македонските българи
_cКирил Спиридонов Мирчев.
260 _aСофия
_bМ-во на нар. просвещение
_c1943
_fСофия : Хр. Г. Данов
300 _a88 с
_c23 см
380 _a80
490 _aБиблиотека Българска книга
_v
490 _aЧастна колекция - Академик Михаил Арнаудов
_gДарение - Основен фонд
500 _aАвтограф с текст На Г-на Министъра на нар. просвещение проф. М. Арнаудов юлий 1944 г. София От библиотеката (Библиотека "Бълг. книга")
650 0 _9258510
_aБългарски език - диалекти - Македония
655 _aЕзикознание
_9396452
852 _aМА 2910
_bМА
852 _aЦб 4.180.16512
_bЦб
942 _cKNG
_n0
_s1
944 _aCR
_c1994
944 _aED
_c2021-04-08
999 _d342027
999 _d342027
999 _d342027